000
00207nam a22000977a 4500
003
SGT
245
_a
THE JOURNAL OF BIOCHEMISTRY
260
_a
OXFORD
_b
UNIVERSITY PRESS
_c
2014
300
_a
400
942
_2
ddc
_c
BV
999
_c
19640
_d
19640